| 000 | 00400nam a2200169Ia 4500 | ||
|---|---|---|---|
| 005 | 20250423095750.0 | ||
| 008 | 250422s9999 xx 000 0 und d | ||
| 020 | _a1-55862-176-8 | ||
| 050 | _aHD2721.158 | ||
| 100 | _aPaula Kepos | ||
| 245 | 0 | _aInternational directory of company histories | |
| 260 | _aLondon | ||
| 260 | _c1992 | ||
| 300 | _a748 p | ||
| 650 | _aCompany history | ||
| 942 | _cBK | ||
| 999 |
_c31265 _d31265 |
||